| 000 | 00702nam a22001337a 4500 | ||
|---|---|---|---|
| 040 | _cRUA | ||
| 082 | _aAGR TOU 2013 BO54 Or.1 | ||
| 100 | _aTOUCH, PHEAKTRA. | ||
| 245 | _aPlanting methods with dry seed by differences of planting machines at rain-fed lowland condition វិធីសាស្ដ្រដាំដុះគ្រាបពូជស្រូវដោយម៉ាស៊ីនដាំតម្រូវផ្សេងៗនៅតំបន់ទំនាប់អាស្រ័យទឹកភ្លៀង | ||
| 260 |
_aPhnom Penh _bRUA _c2013 |
||
| 300 |
_ax; 41p. _bill. _c29cm. |
||
| 856 | _uhttps://drive.google.com/file/d/17KDfi_KxDrNAtficArnXFMB7y8lq8S42/view?usp=sharing | ||
| 942 | _cAGR | ||
| 999 |
_c1283 _d1283 |
||